000 00314 a2200157 4500
001 161302
020 _a85-250-0907-5
040 _cMagnum
240 1 0 _aA bela e a fera
_lpor
245 1 0 _aA bela e a fera
300 _a24
362 0 _a1995
440 1 _aGlobo
697 _aLITERATURA INFANTO
942 _cBK
999 _c161302
_d161302